| 000 | 00995nam a22002057a 4500 | ||
|---|---|---|---|
| 999 |
_c54124 _d54124 |
||
| 005 | 20241115110421.0 | ||
| 008 | s2549 th tha d | ||
| 040 | _aืNALT | ||
| 041 | _atha | ||
| 050 |
_aHQ 1236.5 _bช559ท |
||
| 100 | 0 |
_aชิตาภา สุขพลำ _933497 |
|
| 245 | 1 | 0 |
_aทัศนคติและการยอมรับ บทบาทการเป็นผู้นำท้องถิ่นของสตรี ในเขตจังหวัดชลบุรี / _cชิตาภา สุขพลำ |
| 260 |
_aกรุงเทพฯ : _bมหาวิทยาลัยบูรพา, _c2549 |
||
| 300 |
_a225 หน้า : _bตาราง ; _c29 ซม. |
||
| 650 | 4 |
_aผู้นำสตรีในจังหวัด _949043 |
|
| 650 | 0 |
_aผู้นำชุมชน _zไทย _937169 |
|
| 850 | _aNALT | ||
| 942 |
_cRSH _2lcc |
||
| 998 |
_j104 _k นางสาวสายฝน ดีงาม |
||